[Event "Amsterdam m1"]
[Site "?"]
[Date "1994.08.??"]
[Round "5"]
[White "Jussupow Artur M"]
[Black "Piket Jeroen"]
[Result "1/2-1/2"]
[WhiteElo "2665"]
[BlackElo "2640"]
[PlyCount "35"]
[EventDate "1994.??.??"]
[Source "www.chesslib.no"]
[SourceDate "2004.05.04"]

1. d4 Nf6 2. c4 e5 3. dxe5 Ng4 4. Nf3 Bc5 5. e3 Nc6 6. Be2 Ngxe5 7. Nbd2 O-O 8. O-O Re8 9. Nxe5 Nxe5 10. Nf3 Qf6 11. Nxe5 Qxe5 12. Rb1 a5 13. Bd2 Ra6 14. Bc3 Qe7 15. Bd3 Qh4 16. Qf3 Rh6 17. Qg3 Qxg3 18. hxg3 1/2-1/2

[Event "Amber-blind 8th"]
[Site "Monte Carlo"]
[Date "1999.03.23"]
[Round "7"]
[White "Ljubojevic, Ljubomir"]
[Black "Ivanchuk, Vassily"]
[Result "1/2-1/2"]
[WhiteElo "2571"]
[BlackElo "2714"]
[PlyCount "50"]
[EventDate "1999.03.16"]
[Source "ChessBase"]
[SourceDate "1999.05.10"]

1. d4 Nf6 2. c4 e5 3. dxe5 Ng4 4. Nf3 Nc6 5. Bf4 Bb4+ 6. Nc3 Bxc3+ 7. bxc3 Qe7 8. Qd5 f6 9. exf6 Nxf6 10. Qd3 d6 11. g3 b6 12. Bg2 Bb7 13. O-O Na5 14. Nd4 Bxg2 15. Kxg2 O-O 16. Bg5 Rae8 17. Rae1 Qf7 18. Bxf6 gxf6 19. e4 Qxc4 20. Qd2 Nb7 21. Re3 Nc5 22. Rfe1 a5 23. h4 a4 24. Qe2 Qxe2 25. R1xe2 Kf7 1/2-1/2

[Event "Madrid ESP"]
[Site "Madrid ESP"]
[Date "1988.??.??"]
[Round "?"]
[White "Gurevich, Mikhail N"]
[Black "Korchnoi, Viktor L"]
[Result "1/2-1/2"]
[WhiteElo "2625"]
[BlackElo "2640"]
[PlyCount "59"]
[EventDate "1988.??.??"]
[Source "www.chesslib.no"]
[SourceDate "2004.05.04"]

1. d4 Nf6 2. c4 e5 3. dxe5 Ng4 4. Nf3 Bc5 5. e3 Nc6 6. Be2 Ngxe5 7. O-O Nxf3+ 8. Bxf3 Ne5 9. Be2 O-O 10. Nc3 a5 11. b3 Re8 12. Bb2 Ra6 13. Ne4 Ba7 14. Qd5 Rae6 15. c5 c6 16. Qd2 d5 17. Bxe5 Rxe5 18. Qxa5 Bb8 19. g3 g6 20. a4 h5 21. Rad1 Kg7 22. Rd4 Ba7 23. Rd3 b5 24. axb5 cxb5 25. Rfd1 Rf5 26. Rxd5 Bxc5 27. Kf1 Kh6 28. h4 Kg7 29. Bf3 Kh6 30. Bg2 1/2-1/2

[Event "Pamplona"]
[Site "?"]
[Date "1999.??.??"]
[Round "?"]
[White "Lautier, J."]
[Black "Illescas Cordoba, M."]
[Result "1-0"]
[WhiteElo "2635"]
[BlackElo "2600"]
[PlyCount "117"]
[EventDate "1999.??.??"]
[Source "Chess Informant"]
[SourceDate "1999.10.01"]

1. d4 Nf6 2. c4 e5 3. dxe5 Ng4 4. Nf3 Bc5 5. e3 Nc6 6. a3 a5 7. b3 O-O 8. Bb2 Re8 9. Nc3 Ncxe5 10. Nxe5 Nxe5 11. Be2 Ra6 12. Nd5 Rh6 13. Qc2 c6 14. Nf4 Bf8 15. h3 Ng6 16. Nh5 Qg5 17. g4 Qh4 18. Ng3 d5 19. O-O-O Ne5 20. Kb1 a4 21. b4 Nxc4 22. Bxc4 dxc4 23. Qxc4 Be6 24. Qf4 Rg6 25. e4 c5 26. b5 c4 27. Nf5 Bxf5 28. exf5 Rb6 29. Qxc4 Qxf2 30. Rd7 Re7 31. Rhd1 Rxd7 32. Rxd7 Qe1+ 33. Ka2 Qe8 34. Qd4 Rxb5 35. Rd8 Rxb2+ 36. Kxb2 Qe2+ 37. Qd2 Qb5+ 38. Ka1 Qf1+ 39. Qd1 Qxd1+ 40. Rxd1 Bxa3 41. Rd8+ Bf8 42. g5 f6 43. g6 hxg6 44. fxg6 b5 45. Rd5 b4 46. Ra5 a3 47. Ka2 Be7 48. Ra8+ Bf8 49. Ra5 Be7 50. Kb3 Bd6 51. h4 Be7 52. h5 Bd6 53. Ra8+ Bf8 54. Rc8 f5 55. Rd8 f4 56. Rd4 Be7 57. Rxf4 Bd6 58. Rd4 Be7 59. Rc4 1-0

[Event "Barcelona ESP"]
[Site "Barcelona ESP"]
[Date "1989.??.??"]
[Round "?"]
[White "Salov, Valery B"]
[Black "Illescas Cordoba, Miguel"]
[Result "1-0"]
[WhiteElo "2630"]
[BlackElo "2525"]
[PlyCount "117"]
[EventDate "1989.??.??"]
[Source "www.chesslib.no"]
[SourceDate "2004.05.04"]

1. d4 Nf6 2. c4 e5 3. dxe5 Ng4 4. Nf3 Bc5 5. e3 Nc6 6. Be2 Ncxe5 7. Nc3 O-O 8. Nxe5 Nxe5 9. O-O Re8 10. b3 a5 11. Ne4 Bf8 12. f4 Ng4 13. Bxg4 Rxe4 14. Qd3 Re8 15. Bb2 Qe7 16. Rf3 d5 17. Bxc8 dxc4 18. Qxc4 Raxc8 19. Rg3 Qb4 20. Rc1 Qxc4 21. Rxc4 c5 22. Kf2 b5 23. Rc2 f5 24. h4 Kf7 25. h5 c4 26. bxc4 Rxc4 27. Rxc4 bxc4 28. Bc3 Rd8 29. Bd4 Rc8 30. Bc3 g6 31. hxg6+ hxg6 32. Rh3 Bb4 33. Bb2 c3 34. Bc1 Kg8 35. Ke2 c2 36. Rh6 Rc6 37. Kd3 Rc3+ 38. Ke2 Rc6 39. Kd3 a4 40. Rh1 a3 41. Rg1 Kf7 42. g4 Rc3+ 43. Ke2 Rc8 44. gxf5 gxf5 45. Bd2 Be7 46. Rc1 Ke6 47. Kd3 Kd5 48. Bc3 Rg8 49. Rxc2 Bc5 50. Rh2 Rg3 51. Bd2 Rg1 52. Rh5 Ra1 53. Rxf5+ Kc6 54. Kc4 Bd6 55. Rf6 Kd7 56. Kd5 Be7 57. Ra6 Rxa2 58. Ra7+ Ke8 59. Ke6 1-0

[Event "Politiken Cup"]
[Site "Copenhagen"]
[Date "2004.07.29"]
[Round "7"]
[White "Hansen, Curt"]
[Black "Miezis, Normunds"]
[Result "1/2-1/2"]
[WhiteElo "2635"]
[BlackElo "2502"]
[PlyCount "64"]
[EventDate "2004.07.24"]
[Source "Roberto Alvarez"]
[SourceDate "2004.08.10"]

1. d4 Nf6 2. c4 e5 3. dxe5 Ng4 4. Nf3 Bc5 5. e3 Nc6 6. Nc3 Ncxe5 7. Be2 O-O 8. Nxe5 Nxe5 9. O-O Re8 10. b3 a5 11. Na4 Bf8 12. f4 Ng6 13. Qd2 c6 14. Bb2 d5 15. cxd5 Bf5 16. Bd4 b5 17. Nc5 Qxd5 18. Bf3 Qd6 19. g3 Qc7 20. Rac1 Rad8 21. Na6 Qb7 22. Qxa5 Rxd4 23. exd4 Qa7 24. Rf2 Ne7 25. b4 Qxd4 26. Nc5 Nd5 27. Bxd5 Re2 28. Rcf1 Rxf2 29. Rxf2 Qd1+ 30. Rf1 Qd4+ 31. Rf2 Qd1+ 32. Rf1 Qd4+ 1/2-1/2

[Event "Mind Sports Games - Blitz Ind"]
[Site "Pechino CINA"]
[Date "2008.10.04"]
[Round "5"]
[White "Nguyen Ngoc Truong Son"]
[Black "Reinderman, D."]
[Result "1-0"]
[WhiteElo "2567"]
[BlackElo "2543"]
[PlyCount "123"]
[EventDate "2008.10.04"]
[Source "www.chesslib.no"]
[SourceDate "2004.05.04"]

1. d4 Nf6 2. c4 e5 3. dxe5 Ng4 4. Nf3 Nc6 5. Bg5 Be7 6. Bf4 Bb4+ 7. Nbd2 Qe7 8. e3 Ngxe5 9. Be2 Nxf3+ 10. Bxf3 Ne5 11. Be2 b6 12. a3 Bxd2+ 13. Qxd2 Bb7 14. f3 d6 15. Qc3 c5 16. Rd1 O-O 17. O-O f6 18. Rd2 Rfd8 19. Rfd1 Rd7 20. Bg3 Rad8 21. b4 Rc8 22. b5 Rcd8 23. a4 Kf8 24. e4 Qe6 25. a5 g6 26. a6 Bc8 27. Qc2 Kg7 28. f4 Nf7 29. Bf3 Qe8 30. Bg4 Rc7 31. Bxc8 Rcxc8 32. Re2 Qe6 33. Qd3 Rc7 34. Qd5 Re7 35. Qxe6 Rxe6 36. Kf2 Rde8 37. e5 dxe5 38. fxe5 Nxe5 39. Bxe5 fxe5 40. Ke3 R8e7 41. Red2 Rf6 42. Rd7 Kf7 43. R1d5 Rfe6 44. Ke4 h5 45. h4 Kf6 46. Rd8 Rf7 47. R5d7 Ree7 48. Rxe7 Rxe7 49. Rb8 Rd7 50. Rf8+ Ke6 51. Re8+ Kf6 52. Ke3 Rd4 53. Ra8 Rxc4 54. Rxa7 Rb4 55. Ra8 Kg7 56. Rb8 Ra4 57. Rxb6 c4 58. Rb7+ Kf6 59. a7 Ra3+ 60. Ke4 c3 61. b6 c2 62. Rc7 1-0

[Event "Novi Sad ol (Men)"]
[Site "Novi Sad"]
[Date "1990.??.??"]
[Round "8"]
[White "Lautier, Joel"]
[Black "Rogers, Ian"]
[Result "1/2-1/2"]
[WhiteElo "2570"]
[BlackElo "2535"]
[PlyCount "34"]
[EventDate "1990.11.??"]
[Source "www.chesslib.no"]
[SourceDate "2004.05.04"]

1. d4 Nf6 2. c4 e5 3. dxe5 Ng4 4. Nf3 Bc5 5. e3 Nc6 6. Be2 Ngxe5 7. Nc3 Nxf3+ 8. Bxf3 Ne5 9. Be2 O-O 10. O-O d6 11. f4 Nd7 12. Bf3 Rb8 13. Qd3 Nf6 14. Bd2 c6 15. h3 Qb6 16. Rfe1 Qxb2 17. Rab1 Qa3 1/2-1/2

[Event "London"]
[Site "London"]
[Date "1997.10.21"]
[Round "5"]
[White "Shaked, Tal"]
[Black "Lalic, Bogdan"]
[Result "1/2-1/2"]
[WhiteElo "2500"]
[BlackElo "2600"]
[PlyCount "37"]
[EventDate "1997.10.18"]
[Source "ChessBase"]
[SourceDate "1998.01.31"]

1. d4 Nf6 2. c4 e5 3. dxe5 Ng4 4. Nf3 Bc5 5. e3 Nc6 6. Nc3 O-O 7. Be2 Re8 8. O-O Ncxe5 9. Nxe5 Nxe5 10. b3 a5 11. Bb2 Ra6 12. Na4 Bf8 13. f4 Nc6 14. c5 Ra8 15. Rf3 d6 16. cxd6 Qxd6 17. Qxd6 Bxd6 18. Rg3 Bf8 19. Nc3 1/2-1/2

[Event "Dortmund-A"]
[Site "Dortmund"]
[Date "1989.??.??"]
[Round "?"]
[White "Bischoff, Klaus"]
[Black "Hort, Vlastimil"]
[Result "1/2-1/2"]
[WhiteElo "2505"]
[BlackElo "2580"]
[PlyCount "45"]
[EventDate "1989.03.??"]
[Source "ChessBase"]

1. d4 Nf6 2. c4 e5 3. dxe5 Ng4 4. Nf3 Bc5 5. e3 Nc6 6. Be2 O-O 7. O-O Re8 8. b3 Ncxe5 9. Nxe5 Nxe5 10. Nc3 a5 11. Bb2 Ra6 12. Ne4 Bf8 13. Ng3 Rae6 14. Qd5 b6 15. Rad1 d6 16. Rfe1 Bd7 17. Qd2 Rh6 18. f4 Ng4 19. Nf1 Nf6 20. Bf3 Ne4 21. Qd5 Qe7 22. Ng3 Nxg3 23. hxg3 1/2-1/2

[Event "Corr"]
[Site "?"]
[Date "1998.03.01"]
[Round "?"]
[White "Knobel Rolf (SWZ)"]
[Black "Ruefenacht Matthias (SWZ)"]
[Result "1/2-1/2"]
[WhiteElo "2571"]
[BlackElo "2512"]
[PlyCount "98"]
[EventDate "1998.??.??"]
[Source "www.chesslib.no"]
[SourceDate "2004.05.04"]

1. d4 Nf6 2. c4 e5 3. dxe5 Ng4 4. Nf3 Nc6 5. Bg5 Be7 6. Bxe7 Qxe7 7. Nc3 Qc5 8. e3 Ngxe5 9. Nxe5 Qxe5 10. Be2 O-O 11. O-O Ne7 12. Qd2 d6 13. Rfd1 Rd8 14. Nd5 Nxd5 15. cxd5 Bd7 16. Rac1 c5 17. dxc6 Bxc6 18. Rc4 Bb5 19. Rd4 Bxe2 20. Qxe2 Rac8 21. h3 Rc6 22. Qd2 h6 23. Rd5 Qe7 24. Qd3 Rdc8 25. Rd2 Rc1+ 26. Kh2 R8c6 27. Qf5 R6c5 28. b4 Rxd5 29. Qxd5 Rb1 30. a3 Rf1 31. Kg3 Ra1 32. Qxd6 Qxd6+ 33. Rxd6 Rxa3 34. Rd8+ Kh7 35. Rd7 Kg6 36. Rxb7 a5 37. b5 Rb3 38. Kf3 a4 39. g4 a3 40. h4 a2 41. Ra7 Rxb5 42. Ra6+ f6 43. h5+ Kf7 44. Rxa2 Rc5 45. Ra7+ Kg8 46. Kf4 Rc4+ 47. e4 Rc2 48. Kf5 Kh7 49. f4 Rf2 1/2-1/2

[Event "Clarin"]
[Site "Buenos Aires"]
[Date "1979.??.??"]
[Round "4"]
[White "Miles, Anthony J"]
[Black "Lombardy, William James"]
[Result "1/2-1/2"]
[WhiteElo "2560"]
[BlackElo "2520"]
[PlyCount "73"]
[EventDate "1979.11.??"]
[Source "ChessBase"]

1. d4 Nf6 2. c4 e5 3. dxe5 Ng4 4. Nf3 Bc5 5. e3 Nc6 6. Be2 Ngxe5 7. Nxe5 Nxe5 8. O-O d6 9. Nc3 a6 10. b3 O-O 11. Bb2 Ba7 12. Qd2 Re8 13. Nd5 c6 14. Nf4 Bg4 15. Rad1 Bxe2 16. Qxe2 Qh4 17. Qh5 Qxh5 18. Nxh5 Rad8 19. a4 f6 20. Ng3 Nf7 21. Rd3 Re6 22. Rfd1 g6 23. h3 f5 24. Ne2 Rde8 25. Kf1 Re4 26. Nf4 Bb8 27. Bd4 Bc7 28. Ne2 R4e6 29. Bc3 Ne5 30. R3d2 Nf7 31. Nf4 Re4 32. g3 R4e7 33. Bf6 Re4 34. Bc3 Ne5 35. Kg2 Nf7 36. h4 R4e7 37. Bf6 1/2-1/2

[Event "Guernsey"]
[Site "Guernsey GCI"]
[Date "1985.??.??"]
[Round "?"]
[White "Hebden, Mark L"]
[Black "Hodgson, J."]
[Result "0-1"]
[WhiteElo "2480"]
[BlackElo "2590"]
[PlyCount "42"]
[EventDate "1985.??.??"]
[Source "www.chesslib.no"]
[SourceDate "2004.05.04"]

1. d4 Nf6 2. c4 e5 3. dxe5 Ng4 4. Nf3 Nc6 5. Nc3 Ngxe5 6. Nxe5 Nxe5 7. Qc2 Bb4 8. e3 Bxc3+ 9. Qxc3 Qf6 10. e4 d6 11. Be3 b6 12. Be2 Bb7 13. f3 O-O-O 14. O-O g5 15. Rac1 c5 16. b4 Rhg8 17. Kh1 Qg6 18. bxc5 g4 19. Rg1 gxf3 20. gxf3 Qxe4 21. Rxg8 Rxg8 0-1

[Event "Amsterdam"]
[Site "Amsterdam"]
[Date "1982.??.??"]
[Round "8"]
[White "Sosonko, Gennadi"]
[Black "Ree, Hans"]
[Result "1/2-1/2"]
[WhiteElo "2575"]
[BlackElo "2490"]
[PlyCount "58"]
[EventDate "1982.07.??"]
[Source "ChessBase"]

1. d4 Nf6 2. c4 e5 3. dxe5 Ng4 4. Nf3 Nc6 5. e3 Ngxe5 6. Be2 g6 7. Nc3 Nxf3+ 8. Bxf3 Bg7 9. Qd2 d6 10. b3 Ne5 11. Bb2 Nxf3+ 12. gxf3 O-O 13. O-O-O Bh3 14. Rhg1 Be6 15. Ne4 f5 16. Ng5 Bxb2+ 17. Qxb2 Qf6 18. f4 Qxb2+ 19. Kxb2 Bf7 20. c5 dxc5 21. Rd7 Rad8 22. Rgd1 Rxd7 23. Rxd7 h6 24. Nf3 Rc8 25. Ne5 Be8 26. Re7 Kf8 27. Rh7 Kg8 28. Re7 Kf8 29. Rh7 Kg8 1/2-1/2

[Event "JUG Team Ch"]
[Site "Cetinje"]
[Date "1991.??.??"]
[Round "8"]
[White "Kozul, Zdenko"]
[Black "Marjanovic, Slavoljub"]
[Result "1-0"]
[WhiteElo "2580"]
[BlackElo "2470"]
[PlyCount "69"]
[EventDate "1991.??.??"]
[Source "www.chesslib.no"]
[SourceDate "2004.05.04"]

1. d4 Nf6 2. c4 e5 3. dxe5 Ng4 4. Nf3 Bc5 5. e3 Nc6 6. Be2 Ngxe5 7. Nxe5 Nxe5 8. O-O O-O 9. Nd2 Re8 10. Nf3 d6 11. Bd2 a5 12. Bc3 f6 13. Nd4 Kh8 14. Qd2 a4 15. b4 axb3 16. axb3 Rxa1 17. Rxa1 d5 18. Ra5 b6 19. Ra8 dxc4 20. f4 Nf7 21. Bxc4 Nd6 22. Bd3 Qe7 23. b4 Bxd4 24. Bxd4 Bf5 25. Rxe8+ Qxe8 26. Bf1 Be4 27. Bxb6 Qc6 28. Bc5 h6 29. Bxd6 cxd6 30. Qd4 f5 31. b5 Qc7 32. h3 Kh7 33. Bd3 Bxd3 34. Qxd3 g6 35. Qb3 1-0

[Event "Saint John (open I)"]
[Site "?"]
[Date "1988.??.??"]
[Round "?"]
[White "Christiansen, L."]
[Black "Tolnai, T."]
[Result "1/2-1/2"]
[WhiteElo "2575"]
[BlackElo "2465"]
[PlyCount "87"]
[EventDate "1988.??.??"]
[Source "ChessBase"]
[SourceDate "1988.01.01"]

1. d4 Nf6 2. c4 e5 3. dxe5 Ng4 4. Nf3 Bc5 5. e3 Nc6 6. Be2 O-O 7. O-O Re8 8. Nc3 Ngxe5 9. b3 Nxf3+ 10. Bxf3 Ne5 11. Bb2 a5 12. Ne4 Bf8 13. Bh5 Ra6 14. f4 Ng6 15. Ng5 d5 16. cxd5 Bc5 17. Nxf7 Kxf7 18. f5 Kg8 19. fxg6 hxg6 20. Bg4 Bxg4 21. Qxg4 Bxe3+ 22. Kh1 Qxd5 23. Rad1 Qe6 24. Qg3 Bh6 25. Qxc7 Qc6 26. Qf7+ Kh7 27. Bxg7 Bxg7 28. Rd7 Rg8 29. Rd3 Qe6 30. Rh3+ Qxh3 31. gxh3 Rf8 32. Qc4 Rxf1+ 33. Qxf1 Rd6 34. Qf2 Rd4 35. a4 Rb4 36. Qf7 b5 37. h4 bxa4 38. bxa4 Rxh4 39. Qe8 Rh5 40. Kg2 Rg5+ 41. Kf3 Rh5 42. Qd8 Rf5+ 43. Kg4 Rh5 44. h4 1/2-1/2

[Event "Cappelle Open"]
[Site "Cappelle la Grande FRA"]
[Date "1993.??.??"]
[Round "2"]
[White "Agdestein, Simen"]
[Black "Lendwai, Reinhard"]
[Result "1-0"]
[WhiteElo "2630"]
[BlackElo "2410"]
[PlyCount "106"]
[EventDate "1993.02.??"]
[Source "www.chesslib.no"]
[SourceDate "2004.05.04"]

1. d4 Nf6 2. c4 e5 3. dxe5 Ng4 4. Nf3 Bc5 5. e3 Nc6 6. Nc3 O-O 7. Bd2 Re8 8. Ne4 Bf8 9. e6 dxe6 10. Qc2 f5 11. Ng3 e5 12. h3 Nxf2 13. Kxf2 e4 14. Rd1 exf3 15. gxf3 f4 16. exf4 Nd4 17. Qd3 c5 18. h4 b6 19. Bh3 Bb7 20. Bg4 Qc7 21. Rde1 Rxe1 22. Rxe1 Rd8 23. Qc3 Bd6 24. Nh5 Rf8 25. Be3 Kh8 26. Kg2 Qf7 27. Bxd4 cxd4 28. Qxd4 Qg6 29. Kh3 Bc5 30. Qe5 Bc8 31. Bxc8 Rxc8 32. Qe6 Rf8 33. Qxg6 hxg6 34. Ng3 Rxf4 35. Re8+ Kh7 36. Ne4 g5 37. Nxg5+ Kh6 38. Re4 Rf8 39. Kg4 g6 40. Re6 Kg7 41. f4 Rc8 42. Nf3 Kh7 43. b3 a5 44. Ng5+ Kg7 45. Ne4 Bg1 46. Kg5 a4 47. Rxg6+ Kf8 48. h5 Ke7 49. Rg7+ Ke6 50. h6 Be3 51. Rg6+ Ke7 52. Nd6 Rc5+ 53. Nf5+ Kf7 1-0

[Event "ARG Ch playoff"]
[Site "Argentina"]
[Date "1995.??.??"]
[Round "4"]
[White "Ricardi, Pablo"]
[Black "Sorin, Ariel"]
[Result "0-1"]
[WhiteElo "2530"]
[BlackElo "2505"]
[PlyCount "79"]
[EventDate "1995.??.??"]
[Source "www.chesslib.no"]
[SourceDate "2004.05.04"]

1. d4 Nf6 2. c4 e5 3. dxe5 Ng4 4. Nf3 Bc5 5. e3 Nc6 6. Nc3 O-O 7. Be2 Re8 8. O-O Ngxe5 9. Nxe5 Nxe5 10. Kh1 d6 11. f4 Nc6 12. Nd5 Ne7 13. Nxe7+ Rxe7 14. Qd3 Qe8 15. f5 Bxe3 16. f6 Re5 17. Bf3 Bxc1 18. Raxc1 gxf6 19. Qd2 Qf8 20. Rc3 c6 21. Bd1 Bf5 22. Rcf3 Bg6 23. Rxf6 d5 24. cxd5 cxd5 25. Bb3 Rd8 26. Qd4 Qe7 27. Qxa7 d4 28. Qb6 Kh8 29. h3 Re1 30. Bxf7 Rf8 31. Qxd4 Re5 32. Re6 Qxe6 33. Bxe6 Rxf1+ 34. Kh2 Rfe1 35. Qd8+ Kg7 36. Qe7+ Kh6 37. Qf8+ Kg5 38. h4+ Kh5 39. g4+ Kxh4 40. Qf6+ 0-1

[Event "New York USA"]
[Site "?"]
[Date "2003.09.16"]
[Round "2"]
[White "Ehlvest Jaan"]
[Black "Lapshun Yury"]
[Result "1-0"]
[WhiteElo "2587"]
[BlackElo "2436"]
[PlyCount "99"]
[EventDate "2003.??.??"]
[Source "www.chesslib.no"]
[SourceDate "2004.05.04"]

1. d4 Nf6 2. c4 e5 3. dxe5 Ng4 4. Nf3 Bc5 5. e3 Nc6 6. Nc3 O-O 7. b3 Re8 8. Be2 Ngxe5 9. Nxe5 Nxe5 10. O-O a6 11. Kh1 d6 12. Bb2 f5 13. Nd5 Bd7 14. Bd4 Bxd4 15. Qxd4 Bc6 16. Rad1 Qd7 17. b4 Qf7 18. Nc3 Qg6 19. f3 b6 20. Nd5 Bxd5 21. cxd5 a5 22. Bb5 Re7 23. bxa5 Rxa5 24. a4 Nd7 25. Rc1 Nc5 26. Bc6 Kf7 27. Rc4 Qf6 28. Qd2 Qe5 29. Re1 h6 30. g4 fxg4 31. Rxg4 Nd7 32. Reg1 Kf8 33. Re4 Qh5 34. Rxe7 Kxe7 35. Rxg7+ Kf6 36. Rg3 Ne5 37. Bb5 Ra8 38. f4 Nf7 39. e4 Ke7 40. Qc2 Kf8 41. Bd7 Qh4 42. Rg4 Qe1+ 43. Kg2 Qe3 44. Be6 Ra5 45. Qxc7 Qxe4+ 46. Kg3 Qe1+ 47. Kh3 Qf1+ 48. Kh4 Qe1+ 49. Rg3 Ne5 50. Qd8# 1-0

[Event "Gelsenkirchen"]
[Site "Gelsenkirchen"]
[Date "1991.??.??"]
[Round "?"]
[White "Vyzmanavin, Alexey"]
[Black "Lendwai, Reinhard"]
[Result "1/2-1/2"]
[WhiteElo "2605"]
[BlackElo "2405"]
[PlyCount "51"]
[EventDate "1991.05.??"]
[Source "ChessBase"]

1. d4 Nf6 2. c4 e5 3. dxe5 Ng4 4. Nf3 Bc5 5. e3 Nc6 6. Nc3 Ngxe5 7. Be2 O-O 8. O-O a5 9. b3 Re8 10. Bb2 Nxf3+ 11. Bxf3 Ne5 12. Be2 Ra6 13. Nd5 Rh6 14. g3 d6 15. Bd4 Qd7 16. h4 Ng6 17. Bf3 Nxh4 18. gxh4 Rg6+ 19. Bg2 Rxg2+ 20. Kxg2 Qh3+ 21. Kg1 Re4 22. Nf4 Rxf4 23. exf4 Bxd4 24. Qxd4 Qg4+ 25. Kh2 Qxh4+ 26. Kg1 1/2-1/2

[Event "Val Thorens A"]
[Site "?"]
[Date "1996.??.??"]
[Round "7"]
[White "Farago Ivan"]
[Black "Chatalbashev Boris"]
[Result "1/2-1/2"]
[WhiteElo "2515"]
[BlackElo "2490"]
[PlyCount "146"]
[EventDate "1996.??.??"]
[Source "www.chesslib.no"]
[SourceDate "2004.05.04"]

1. d4 Nf6 2. c4 e5 3. dxe5 Ng4 4. Nf3 Bc5 5. e3 Nc6 6. Nc3 O-O 7. Be2 Re8 8. b3 Ngxe5 9. Nxe5 Nxe5 10. Bb2 a5 11. O-O Ra6 12. Qd5 Bf8 13. Ne4 Rae6 14. c5 d6 15. cxd6 Ng6 16. Ng5 Qxd6 17. Qf3 R6e7 18. Bc4 Nh8 19. Rad1 Qh6 20. Qf4 Qh5 21. Rd5 c6 22. Rc5 Qg4 23. Bd3 Ng6 24. Qxg4 Bxg4 25. h3 Rd7 26. Rxa5 Rxd3 27. hxg4 Rd2 28. Bd4 Nf4 29. Nf3 Ne2+ 30. Kh2 Rc2 31. Bb6 Bd6+ 32. Kh3 Nc3 33. Nd4 Rxa2 34. Rxa2 Nxa2 35. Ra1 Ra8 36. Nf5 Bf8 37. Rd1 g6 38. Ng3 Ra6 39. Bc7 Ra8 40. Ne4 Bg7 41. Bb6 Nc3 42. Nxc3 Bxc3 43. Rd7 Ba5 44. Bxa5 Rxa5 45. Rxb7 Ra2 46. Kg3 c5 47. g5 Kg7 48. e4 Rb2 49. e5 c4 50. b4 Kg8 51. Kf3 c3 52. Ke3 c2 53. Kd2 c1=Q+ 54. Kxc1 Rxf2 55. b5 Re2 56. Rb8+ Kg7 57. Re8 Re4 58. e6 fxe6 59. b6 Rb4 60. Re7+ Kf8 61. Rb7 e5 62. Kd2 e4 63. Ke3 Ke8 64. Kf4 Kf8 65. g3 Ke8 66. Ke3 Kf8 67. Kd2 Rb3 68. g4 e3+ 69. Ke2 Kg8 70. Kf3 Kf8 71. Rxh7 Rxb6 72. Kxe3 Rb4 73. Kf3 Ra4 1/2-1/2

[Event "Olimpiadi 2008 - open"]
[Site "Dresda GER"]
[Date "2008.11.14"]
[Round "2"]
[White "Le Quang Liem"]
[Black "Goh Weiming"]
[Result "1-0"]
[WhiteElo "2583"]
[BlackElo "2420"]
[PlyCount "77"]
[EventDate "2008.11.13"]
[Source "www.chesslib.no"]
[SourceDate "2004.05.04"]

1. d4 Nf6 2. c4 e5 3. dxe5 Ng4 4. Nf3 Bc5 5. e3 Nc6 6. Nc3 O-O 7. Be2 Re8 8. O-O Ngxe5 9. Nxe5 Nxe5 10. b3 a5 11. Ne4 Bf8 12. Bb2 d6 13. Ng3 Qh4 14. Qc2 Ng4 15. Bxg4 Qxg4 16. Rad1 Qg6 17. Qc3 b6 18. Ne2 Bb7 19. Nf4 Qg5 20. Nd5 a4 21. f4 Qd8 22. Rf3 Re6 23. Rg3 Rg6 24. e4 c6 25. Ne3 Rxg3 26. hxg3 axb3 27. Nf5 f6 28. Qxb3 Kh8 29. e5 fxe5 30. fxe5 d5 31. cxd5 cxd5 32. e6 Bc5+ 33. Bd4 Bxd4+ 34. Nxd4 Qd6 35. Re1 Qc5 36. Qe3 Re8 37. Kh2 h6 38. e7 Bc8 39. Rc1 1-0

[Event "Hamburg"]
[Site "?"]
[Date "2004.??.??"]
[Round "?"]
[White "Svetushkin, D."]
[Black "Kopylov, M."]
[Result "0-1"]
[WhiteElo "2550"]
[BlackElo "2445"]
[PlyCount "62"]
[EventDate "2004.??.??"]
[Source "Chess Informant"]
[SourceDate "2004.02.01"]

1. d4 Nf6 2. c4 e5 3. dxe5 Ng4 4. Nf3 Bc5 5. e3 Nc6 6. Be2 O-O 7. a3 a5 8. Nc3 Re8 9. O-O Ncxe5 10. Nd4 Nf6 11. Rb1 d6 12. b4 axb4 13. axb4 Bb6 14. Nd5 Nxd5 15. cxd5 Qh4 16. Bb2 Bd7 17. Qb3 Ba4 18. Qc3 Qe4 19. f4 Ng6 20. Nf5 f6 21. Bd3 Nxf4 22. Rxf4 Qxf4 23. Kh1 Qg5 24. Rf1 Bd7 25. h4 Qh5 26. g4 Qxg4 27. Nh6+ gxh6 28. Rg1 Qxg1+ 29. Kxg1 Rxe3 30. Kg2 Bh3+ 31. Kh2 Bf1 0-1

[Event "Corr"]
[Site "?"]
[Date "1998.06.10"]
[Round "11"]
[White "Hebert Jean"]
[Black "Stoljar Sergey"]
[Result "1-0"]
[WhiteElo "2510"]
[BlackElo "2485"]
[PlyCount "47"]
[EventDate "1998.??.??"]
[Source "www.chesslib.no"]
[SourceDate "2004.05.04"]

1. d4 Nf6 2. c4 e5 3. dxe5 Ng4 4. Nf3 Bc5 5. e3 Nc6 6. Nc3 O-O 7. Be2 Ngxe5 8. Nxe5 Nxe5 9. O-O d6 10. b3 Re8 11. Bb2 a6 12. Na4 Ba7 13. c5 Qh4 14. Qd4 Qh6 15. Qd5 Bb8 16. cxd6 c6 17. Qd4 Bxd6 18. Rfd1 Bc7 19. g3 Bf5 20. Qb4 b5 21. Nc5 a5 22. Qf4 Qg6 23. e4 Bc8 24. Bxe5 1-0

[Event "Beijing Open"]
[Site "Beijing CHN"]
[Date "1991.??.??"]
[Round "4"]
[White "Moskalenko, Viktor"]
[Black "Budnikov, Alexandar"]
[Result "1/2-1/2"]
[WhiteElo "2525"]
[BlackElo "2440"]
[PlyCount "66"]
[EventDate "1991.03.??"]
[Source "www.chesslib.no"]
[SourceDate "2004.05.04"]

1. d4 Nf6 2. c4 e5 3. dxe5 Ng4 4. Nf3 Bc5 5. e3 Nc6 6. Bd2 a5 7. Bc3 Qe7 8. Bd4 Ngxe5 9. Nxe5 Nxe5 10. Nc3 Bb4 11. Be2 d6 12. O-O Bxc3 13. Bxc3 O-O 14. Qd2 a4 15. b4 axb3 16. axb3 Rxa1 17. Rxa1 b6 18. e4 Bb7 19. f3 Ra8 20. Rxa8+ Bxa8 21. b4 Bc6 22. Bd4 h6 23. Qe3 Be8 24. f4 Nd7 25. Bc3 f6 26. Bd3 Bg6 27. Qd4 Bf7 28. Qf2 Qe8 29. h3 Qa8 30. Qc2 Qa6 31. Bd2 Qa1+ 32. Kf2 Qd4+ 33. Be3 Qa1 1/2-1/2

[Event "BUL Team Ch"]
[Site "Bankia"]
[Date "1991.??.??"]
[Round "7"]
[White "Georgiev, Kiril D"]
[Black "Manolov, Ivan"]
[Result "1-0"]
[WhiteElo "2585"]
[BlackElo "2380"]
[PlyCount "163"]
[EventDate "1991.??.??"]
[Source "www.chesslib.no"]
[SourceDate "2004.05.04"]

1. d4 Nf6 2. c4 e5 3. dxe5 Ng4 4. Nf3 Bc5 5. e3 Nc6 6. Be2 O-O 7. O-O Re8 8. Nc3 Ngxe5 9. b3 Nxf3+ 10. Bxf3 Ne5 11. Bb2 Nxf3+ 12. Qxf3 Bf8 13. Rad1 d6 14. c5 Re6 15. cxd6 cxd6 16. Rd4 Rf6 17. Qe4 Rg6 18. Ne2 Rb8 19. Nf4 Rh6 20. Rfd1 Bd7 21. h3 Bc6 22. Qf5 Bd7 23. Qd3 Qb6 24. Ba3 Bb5 25. Qd2 Rd8 26. Nd5 Qa6 27. Bb4 Rg6 28. e4 Bc6 29. Nf4 Rh6 30. e5 Qb5 31. Bxd6 Bxd6 32. Rxd6 Rhxd6 33. exd6 Qe5 34. a4 a5 35. Nd5 Bxd5 36. Qxd5 Qxd5 37. Rxd5 Kf8 38. Rxa5 Rxd6 39. Rb5 b6 40. g4 h6 41. Kg2 Ke7 42. b4 Rc6 43. a5 bxa5 44. bxa5 Rc2 45. a6 Ra2 46. Rb6 Ra3 47. f3 Ra2+ 48. Kg3 Ra4 49. h4 Kd7 50. h5 Ke7 51. Kf2 Ra3 52. Ke2 Kd7 53. f4 Rg3 54. a7 Ra3 55. Rb7+ Ke6 56. Kd2 Kf6 57. Kc2 g5 58. f5 Ke5 59. Rxf7 Kf4 60. f6 Ke5 61. Kb2 Ra5 62. Rh7 Kxf6 63. Rxh6+ Kg7 64. Rg6+ Kh7 65. Rxg5 Rxa7 66. Kc3 Rd7 67. Kc4 Rd1 68. Kc5 Kh6 69. Rg6+ Kh7 70. Kc4 Rd8 71. g5 Rd1 72. Re6 Rh1 73. g6+ Kg7 74. Re7+ Kg8 75. Re5 Kg7 76. Kd5 Rh2 77. Ke6 Rh1 78. Rf5 Re1+ 79. Kd5 Rd1+ 80. Ke5 Rh1 81. Rf7+ Kg8 82. Ra7 1-0

[Event "Parthenay"]
[Site "Parthenay FRA"]
[Date "1993.??.??"]
[Round "?"]
[White "Vaisser, Anatoli V"]
[Black "Lukov, Valentin"]
[Result "1-0"]
[WhiteElo "2570"]
[BlackElo "2395"]
[PlyCount "33"]
[EventDate "1993.??.??"]
[Source "www.chesslib.no"]
[SourceDate "2004.05.04"]

1. d4 Nf6 2. c4 e5 3. dxe5 Ng4 4. Nf3 Bc5 5. e3 Nc6 6. Nc3 O-O 7. a3 a5 8. Qd5 Qe7 9. Qe4 Ngxe5 10. Nd5 Qd6 11. Bd2 f5 12. Qc2 b5 13. cxb5 Qxd5 14. bxc6 Nxf3+ 15. gxf3 Qxc6 16. Rc1 Be7 17. Qb3+ 1-0